The language of allegory : defining the genre /

Bibliographic Details
Main Author: Quilligan, Maureen, 1944-
Format: Book
Language:English
Published: Ithaca : Cornell University Press, 1979.
Subjects:

MARC

Tag First Indicator Second Indicator Subfields
LEADER 00000cam a2200000 i 4500
001 in00000191213
005 20151009052118.0
008 790905s1979 nyu b 00110 eng
010 |a  78074216  
020 |a 0801411858 
035 |a (OCoLC)05142284 
035 |9 AAV9161AM 
040 |a DLC  |c DLC  |d TXA  |d UtOrBLW 
043 |a e-uk---  |a n-us--- 
049 |a TXAM  |c [1189831] 
050 0 0 |a PR149.A635  |b Q5 
082 0 |a 820/.9/15 
100 1 |a Quilligan, Maureen,  |d 1944- 
245 1 4 |a The language of allegory :  |b defining the genre /  |c Maureen Quilligan. 
264 1 |a Ithaca :  |b Cornell University Press,  |c 1979. 
300 |a 305 pages ;  |c 22 cm. 
336 |a text  |b txt  |2 rdacontent 
337 |a unmediated  |b n  |2 rdamedia 
338 |a volume  |b nc  |2 rdacarrier 
500 |a Includes index. 
504 |a Bibliography: pages 291-299. 
650 0 |a English literature  |x History and criticism. 
650 0 |a Allegory. 
650 0 |a American literature  |x History and criticism. 
999 |a MARS 
999 f f |s 16f18eb9-00a2-3316-bfd4-e8e034597df2  |i 5582fc5a-d43a-3ce6-93f3-05ea7666a223  |t 0 
952 f f |p normal  |a Texas A&M University  |b College Station  |c Sterling C. Evans Library  |d Evans: Library Stacks  |t 0  |e PR149.A635 Q5  |h Library of Congress classification  |i unmediated -- volume  |m A14803846127 
998 f f |a PR149.A635 Q5  |t 0  |l Evans: Library Stacks